Secrets and Tips from Yesterday"s Gardeners/ (Record no. 36490)
[ view plain ]
| 000 -LEADER | |
|---|---|
| fixed length control field | 00499nam a22001697a 4500 |
| 005 - DATE AND TIME OF LATEST TRANSACTION | |
| control field | 20240828120506.0 |
| 008 - FIXED-LENGTH DATA ELEMENTS--GENERAL INFORMATION | |
| fixed length control field | 240828b |||||||| |||| 00| 0 eng d |
| 020 ## - INTERNATIONAL STANDARD BOOK NUMBER | |
| ISBN | 0-276-42844-7 |
| 082 ## - DEWEY DECIMAL CLASSIFICATION NUMBER | |
| Classification number | 635 |
| Item number | REA-S |
| 245 ## - TITLE STATEMENT | |
| Title | Secrets and Tips from Yesterday"s Gardeners/ |
| Statement of responsibility, etc. | by Reader"s Digest Association |
| 260 ## - PUBLICATION, DISTRIBUTION, ETC. | |
| Place of Publication | London, |
| Name of publisher, distributor, etc. | Reader's Digest.: |
| Date of publication, distribution, etc. | 2004 |
| 300 ## - PHYSICAL DESCRIPTION | |
| Pages | 320p. : |
| 500 ## - GENERAL NOTE | |
| General note | index given. |
| 650 ## - SUBJECT ADDED ENTRY--TOPICAL TERM | |
| Subject / Department | Agriculture/ |
| 700 ## - ADDED ENTRY--PERSONAL NAME | |
| Personal name | Association, Reader's Digest |
| 300 ## - PHYSICAL DESCRIPTION | |
| -- | ill ; |
| -- | 28cm. |
| 952 ## - LOCATION AND ITEM INFORMATION (KOHA) | |
| -- | 0 |
| -- | 0 |
| Lost status | Damaged status | Collection code | Permanent Location | Current Location | Shelving Location | Date acquired | Full Call Number | Accession No./Barcode | Date last seen | item type | Koha item type |
|---|---|---|---|---|---|---|---|---|---|---|---|
| Agriculture and Veterinary | Superior Information Resource Center (SIRC) Superior University- Main Campus | Superior Information Resource Center (SIRC) Superior University- Main Campus | Agriculture | 08/28/2024 | 635 REA-S 2004 | 29377 | 08/28/2024 | BOOK | BOOK |
